• 首页
  • 本馆介绍
  • 公告通知
  • 最新文献
  • 馆藏检索
  • 电子资源
  • 读者导购
  • 参考咨询
  • 我的图书馆
  • 登录
  • 详细信息显示
  • 放入我的书架
  • 预约/预借图书
  • 作者相关作品
  • 分类相关作品
  • 丛书相关作品
  • 出版社相关作品

书目信息

  • 表格格式
  • 工作单格式
  • 卡片格式
题名:
青少年时期的周恩来同志
    
 
作者: 胡华 编写
分册:  
出版信息: 北京   中国青年出版社  1977
页数: 108页
开本: 19cm
丛书名:
单 册:
中图分类: K827.7 , G633.2
科图分类:
主题词: 传记-政治家--中国--现代 , 政治家-传记--中国--现代
电子资源:
ISBN:
000 00718nam0 2200253 45
001 0177000646
005 20060818150255.71
010    @dCNY0.29
100    @a19951017d1977 em y0chiy0121 ea
101 0  @achi
102    @aCN@b110000
105    @ay z 010yb
200 10 @a青少年时期的周恩来同志@Aqing shao nian shi qi de zhou en lai tong zhi@f胡华编写
210    @a北京@c中国青年出版社@d1977
215    @a108页@d19cm
600  0 @a周恩来@x生平事迹
606    @a传记-政治家@y中国@z现代
606    @a政治家-传记@y中国@z现代
690    @aK827.7@v3
690    @aG633.2
701  0 @a胡华@Ahu hua@4编写
801  2 @aCN@bNLC@c20060818
801  0 @aCN@b广东省中山图书馆@c20040427
905    @f2@b68331-332@dG633.2@e3
    
    青少年时期的周恩来同志/胡华编写.-北京:中国青年出版社,1977
    108页;19cm
    
    
    ISBN :CNY0.29
    
●
相关链接 在E读中查询图书 在五车中查询图书 在当当中查询图书 在豆瓣中查询图书


正题名:青少年时期的周恩来同志     索取号:G633.2/3         预约/预借

序号 登录号 条形码 馆藏地/架位号 状态 备注
1 0068331   000472740   第一样本阅览室/ [索取号:G633.2/3] 在馆    
2 0068332   000472704   密集书库/ [索取号:G633.2/3] 在馆    
3 0469152   204691529   密集书库/ [索取号:G633.2/3] 在馆    
唐山师范学院图书馆 欢迎您!
大连网信软件有限公司© 版权所有